Central Library OPAC University of Rajshahi

International financial management / (Record no. 60449)

MARC details
000 -LEADER
fixed length control field 00897nam a2200277 a 4500
001 - CONTROL NUMBER
control field 60449
003 - CONTROL NUMBER IDENTIFIER
rucl marc code BD-RjUL
005 - DATE AND TIME OF LATEST TRANSACTION
control field 20211209080836.0
008 - FIXED-LENGTH DATA ELEMENTS--GENERAL INFORMATION
fixed length control field 161231s1979 njua b 001 0 eng
020 ## - INTERNATIONAL STANDARD BOOK NUMBER
International Standard Book Number 0134729773
035 ## - SYSTEM CONTROL NUMBER
System control number (BD-RjUL) 60573
040 ## - CATALOGING SOURCE
Original cataloging agency DLC
Transcribing agency DLC
Modifying agency DLC
-- (BD-RjUL)
Language of cataloging eng
041 ## - LANGUAGE CODE
Language code of text/sound track or separate title eng
082 00 - DEWEY DECIMAL CLASSIFICATION NUMBER
Classification number 658.15
Edition number 23
Author mark and year ROI 1979
100 1# - MAIN ENTRY--PERSONAL NAME
Personal name Rodriguez, Rita M.,
Dates associated with a name 1944-
9 (RLIN) 179895
245 10 - TITLE STATEMENT
Title International financial management /
Statement of responsibility, etc. Rita M. Rodriguez, E. Eugene Carter.
250 ## - EDITION STATEMENT
Edition statement 2d ed.
260 ## - PUBLICATION, DISTRIBUTION, ETC. (IMPRINT)
Place of publication, distribution, etc. Englewood Cliffs, N.J. :
Name of publisher, distributor, etc. Prentice-Hall,
Date of publication, distribution, etc. c1979.
300 ## - PHYSICAL DESCRIPTION
Pagination xv, 686 p. :
Illustrations ill. ;
Size 24 cm.
504 ## - BIBLIOGRAPHY, ETC. NOTE
Bibliography, etc Includes bibliographies and index.
650 #0 - SUBJECT ADDED ENTRY--TOPICAL TERM
Topical term or geographic name as entry element International finance.
9 (RLIN) 173271
Topical term or geographic name as entry element International business enterprises
General subdivision Finance.
9 (RLIN) 179896
700 1# - ADDED ENTRY--PERSONAL NAME
Personal name Carter, E. Eugene,
Relator term joint author.
942 ## - ADDED ENTRY ELEMENTS (KOHA)
Source of classification or shelving scheme Dewey Decimal Classification
Koha item type Books
Holdings
Lost status Source of classification or shelving scheme Damaged status Not for loan Collection code Permanent Location Current Location Shelving location Date acquired Source of acquisition Cost, normal purchase price Total Checkouts Full call number Date last seen Copy number Koha item type Date checked out
  Dewey Decimal Classification   Not For Loan Non-fiction Central Library, University of Rajshahi Central Library, University of Rajshahi Reading Room 05/10/1983 Tulip 29.95   658.15 ROI 1979 31/12/2016 C-1 Books  
  Dewey Decimal Classification     Non-fiction Central Library, University of Rajshahi Central Library, University of Rajshahi   05/10/1983 Tulip Interprise , Dhaka 29.95 1 658.15 ROI 1979 10/11/2024 C-2 Books 05/11/2024
  Dewey Decimal Classification     Non-fiction Central Library, University of Rajshahi Central Library, University of Rajshahi   05/10/1983 Tulip Interprise , Dhaka 29.95   658.15 ROI 1979 16/05/2019 C-3 Books